000 00763nam a2200205Ii 4500
003 JO-AjNU
008 230605s9999||||xx |||||||||||||| ||und||
040 _aJO-AjNU
_bara
_erda
_cJO-AjNU
041 _aara
050 1 4 _aPJ7741.B5 1900
100 3 _aراجعها وعلق عليها مطرجي،عرفان,
_eauthor
_926588
245 0 0 _aكليلة ودمنة: روزبة بن رازويه المعروف بإبن المقفع
250 _aط2
264 3 1 _aبيروت:مؤسسة الكتب الثقافية،1900
300 _a224ص
336 _atext
_btxt
_2rdacontent
337 _aunmediated
_bn
_2rdamedia
338 _avolume
_bnc
_2rdacarrier
650 4 _aالأدباء العرب - تراجم - إبن المقفع - كليلة ودمنة
_926589
999 _aA10092
_c13660
_d13660